Κατάλογος Βιβλιοθηκών Mediterranean College

Σηματοδότησεις ΙΙΙ / Εισαγωγή στην Ιστορία της Τέχνης από τα τέλη του 19ου Αιώνα ως Σήμερα (Record no. 2031)

MARC details
000 -LEADER
fixed length control field 01668cam a22001934a 4500
005 - ΗΜΕΡΟΜΗΝΙΑ ΚΑΙ ΩΡΑ ΤΕΛΕΥΤΑΙΑΣ ΕΝΗΜΕΡΩΣΗΣ
Πεδίο ελέγχου 20250605164029.0
008 - FIXED-LENGTH DATA ELEMENTS--GENERAL INFORMATION
Πεδίο ελέγχου σταθερού μήκους 250528s ||||||||||||||||||||||||d
035 ## - SYSTEM CONTROL NUMBER
System control number 16538
020 ## - ISBN
ISBN 9604054694
040 ## - ΠΗΓΗ ΚΑΤΑΛΟΓΟΓΡΑΦΗΣΗΣ
Φορέας πρωτότυπης καταλογογράφησης MC Athens Campus Library
Γλώσσα καταλογογράφησης Ελληνικά, Μοντέρνα (1453-)
Modifying agency MC Athens Campus Library
Κανόνες περιγραφικής καταλογογράφησης AACR2
245 1# - ΤΙΤΛΟΣ ΚΑΙ ΔΗΛΩΣΗ ΥΠΕΥΘΥΝΟΤΗΤΑΣ
Τίτλος Σηματοδότησεις ΙΙΙ / Εισαγωγή στην Ιστορία της Τέχνης από τα τέλη του 19ου Αιώνα ως Σήμερα
260 ## - PUBLICATION, DISTRIBUTION, ETC.
Name of publisher, distributor, etc. Ίων,
Date of publication, distribution, etc. 1994
300 ## - PHYSICAL DESCRIPTION
Extent 248
520 ## - SUMMARY, ETC.
Summary, etc. Σε γενικές Γραμμές τα κυριότερα κινήματα στο δυτικό χώρο. Μια σκιαγραφική παρουσίαση ορισμένων από τους καλλιτέχνες που σηματοδότησαν την πορεία της εικαστικής έκφρασης από τα τέλη του 19ου αιώνα ως σήμερα. Εισαγωγή, Οι πηγές του 20ου αιώνα, Στο κατώφλι της Μοντέρνας Τέχνης, Η Ορμή της Προωτοπορίας, Οι αρχές του 20ου αιώνα, Η Απελευθέρωση της Παραφοράς, Η Αμφισβήτηση της Αντικειμενικής Τάξης, Ως το Β' Παγκόσμιο Πόλεμο, Η Μεταπολεμική Περίοδος, Η Πολυπλοκότητα της Αίσθησης, Ενεργητική Σχέση Έργου και Θεατή, Ο 20ος Αιώνας Δύει, Ο Πλουραλισμός του '70, Το Σήμερα ένα Παράθυρο για το Αύριο.
700 1# - ΠΡΟΣΘΕΤΗ ΑΝΑΓΡΑΦΗ--ΦΥΣΙΚΟ ΠΡΟΣΩΠΟ
Personal name Βορνινγκ Αγγελικη
9 (RLIN) 2636
942 ## - ADDED ENTRY ELEMENTS (KOHA)
Koha item type Books
Holdings
Τύπος τεκμηρίου Βιβλιοθήκη Τρέχουσα τοποθεσία Barcode Αριθμός εισαγωγής Ημερομηνία απόκτησης Ταξιθετικό σύμβολο Αριθμός αντιτύπου Κατάσταση απόσυρσης Κατάσταση χαμένου Κατάσταση κατεστραμμένου Μη δανεισμός Σύνολο δανεισμών Ημερομηνία τελευταίας εμφάνισης Η τιμή ισχύει από
Books MC Athens Campus Library MC Athens Campus Library 9780000020307 4242 05/06/2025 709 BOR V.III 1           05/06/2025 05/06/2025

MC Athens Campus Library
Πατησίων 94 & Κοδριγκτώνος 13, 104 34
Πελλήνης 8 & Πατησίων 107, 112 51
Τ: +30 210 8899600

MC Thessaloniki Campus Library
Ίωνος Δραγούμη 21, 54625 | Ίωνος Δραγούμη 15, 54625
Τ: +30 2310 287779 – Τ: +30 2314 440300